000 04296cam a22013214i 4500
003 PE-LiUPU
005 20250813185323.0
008 131205s2013 sp a b 000 0 spa
020 _a8433855220
020 _a9788433855220
035 _a(Sirsi) i9788433855220
040 _aPE-LiUPU
_bspa
_cPE-LiUPU
_erda
049 _aPRUA
082 1 4 _a333
_bM36
245 0 0 _aMedio ambiente y desarrollo :
_bmiradas feministas desde ambos hemisferios /
_cFernando López Castellano (ed.) ; Roser Manzanera Ruiz, Carmen Miguel Juan, Vanessa Sánchez Maldonado (coords.).
264 1 _aGranada :
_bEditorial Universidad de Granada,
_c2013.
300 _a351 páginas :
_bilustraciones ;
_c21 centímetros.
336 _atext
_2rdacontent
337 _aunmediated
_2rdamedia
338 _avolume
_2rdacarrier
490 1 _aPeriferias ;
_v14
504 _aIncluye referencia Biliográfica.
505 0 _aPrólogo. -- Introducción. -- Feminismo y Ecología. -- Vínculos entre género, medio Ambiente y pobreza: Variaciones regionales y temporales en la India rural, 1971-1991. -- Feminismo y Ecología: Reconstruir en verde y Violeta. -- Otra economía es posible. Economía solidaria y transformacion social. -- Trayectoria del movimiento del cinturón verde. -- Desarrollo local y cooperativismo femenino al norte de la India (Uttarakhand). -- Impactos de género y medio ambiente de los Cultivos comerciales en Tanzania. -- A Contracorriente: Resistencias femeninas por la defensa de los ríos y en contra de las presas en México. -- Movilidad cotidiana en las áreas metropolitanas de Andalucía: Implicaciones de género y medio ambiente. -- Mujeres recicladoras: Construyendo una agenda de Género en las organizaciones de recicladores. -- El enfoque del decrecimiento como estrategia de acción colectiva.
526 _aP202
526 _aP201
526 _aP163
526 _aP162
526 _aP161
526 _aP160
526 _aP148
526 _aP147
526 _aP146
526 _aP145
526 _aP144
526 _aP143
526 _aP142
526 _aP141
526 _aP140
526 _aP139
526 _aP138
526 _aP137
526 _aP136
526 _aP135
526 _aP134
526 _aP133
526 _aP129
526 _aP128
526 _aP127
526 _aP120
526 _aP119
526 _aP118
526 _aP116
526 _aP115
526 _aP114
526 _aP110
526 _aP109
526 _aP108
526 _aP104
526 _aP103
526 _aP102
526 _aP99
526 _aP98
526 _aP97
526 _aP96
526 _aP95
526 _aP93
526 _aP90
526 _aP89
526 _aP88
526 _aP83
526 _aP82
526 _aP62
526 _aP59
526 _aP58
526 _aP57
526 _aP51
526 _aP49
526 _aP48
526 _aP47
526 _aP29
526 _aP24
526 _aP20
526 _aP19
526 _aP17
526 _aP15
526 _aP14
526 _aP12
526 _aP10
526 _aP09
526 _aP08
526 _aP07
526 _aP06
526 _aP05
526 _aP04
526 _aP01
541 _g0004-000119;
650 0 _aDesarrollo sostenible.
_9488
650 0 _aEcofeminismo.
650 0 _aLas mujeres en el desarrollo.
650 0 _aLas mujeres y el medio ambiente.
650 0 _aVida sostenible.
700 1 _aLópez Castellano, Fernando,
_d1954-
_eeditor.
700 1 _aManzanera Ruiz, Roser,
_ecoordinator.
700 1 _aMiguel Juan, Carmen,
_ecoordinator.
830 0 _aPeriferias ;
_v14.
910 _ajck
_bbpc
_cbpc
_d20160510
938 _aCasalini Libri
_bCASA
_n60765097
942 _2ddc
_cBOOK
949 _a333 M36
_wDEWEY
_c1
_i72827
_lCCODEBUL1
_mBUL
_p54.87
_r0
_sY
_tBOOK
_u2016-4-14
_xINGENIERIA
_PP24
_0COMPRA
_o.STAFF. Colección Teología
994 _aC0
_bPEPRU
596 _a1
999 _a333 M36
_wDEWEY
_c9277
_i72827
_f2021-11-9
_g7
_lCCODEBUL1
_mBUL
_p54.87
_q1
_r0
_sY
_tBOOK
_u2016-4-14
_xINGENIERIA
_PP24
_0COMPRA
_o.STAFF. Colección Teología
_d9277
980 _81
_gALBERTO SANCHEZ Responsable de Automatización